00546 a2200133 4500003000500000005001700005040000900022082001200031245004000043250002600083260003100109300001200140505026000152NUST20221202145525.0 cNust a537,RCA aRF power devices /cRCA corporation aInternational edition aUSAbRCA corporationc1973 a543 p.: aIndex to Contents (Page-6), Index to RF Power Devices (Page-7), Power to RF Frequency Curve (Page-8), Application Chart (Page-11), Replacement Guide (Page-17), Technical Data (Page-19), Application Notes (Page-413), Guide to RCA Solid Devices (Page-512).